000 01015nam a2200193 a 4500
001 43388
005 20180714021909.0
008 140415s1990 xxu 000 0 eng d
020 _a0025831259
041 _aeng
082 _a635.0974
_bMCD
100 1 _aMCDONALD, ELVIN
245 1 0 _aNORTHEAST GARDENING
250 _a1a ed.
260 _aESTADOS UNIDOS DE AMERICA :
_bELVIN MCDONALD,
_c1990
300 _a160
_cx 22 x 29
520 _aLA JARDINERÍA ES UNA ACTIVIDAD QUE CONTIENE ALGO DE TODOS NOSOTROS, DE NUESTRA EDAD Y DE ALGUNA ETAPA DE NUESTRA VIDA. ALGUNAS VECES PENSAMOS QUE UN JARDÍN NO SE PUEDE TENER A MENOS QUE NO TENGAMOS TIERRA Y UNA CANTIDAD DE DINERO, PERO LA REALIDAD NOS MUESTRA QUE ESTO NO ES CIERTO Y QUE TODOS SOMOS APTOS PARA LA CREACIÓN DE UN GRANDE HERMOSO Y BIEN CUIDADO JARDÍN. ESTE LIBRO NOS ENSEÑA COMO CREAR NUESTRO PROPIO JARDÍN COMO SI LO HICIERA UN VERDADERO PROFESIONAL EN EL ARTE DE LA JARDINE
650 1 4 _aJARDINERIA
_xJARDINES
_xESTADOS UNIDOS
_xDISEO
999 _c43388
_d43388